000 00576nam a2200181Ia 4500
008 100920s9999 xx 000 0 und d
082 _b104248
_a891.43 न 07
100 _aसाव विनोद.
245 _aभोंगपुर 30 की .मी.
260 _bपंकज बुक्स , दिल्ली.
_c2007
300 _a111
_bसाधी
365 _b150
520 _aहिंदी.
630 _aभोंगपुर 30 की .मी.
650 _aहिंदी.
730 _aभोंगपुर 30 की .मी.
942 _cBOOK
999 _c744680
_d744677